All MADFUT 25 Barcelona Players (Men) - Statistics

General Stats
  • This quiz has been taken 13 times
  • The average score is 75 of 87
Answer Stats
Card Type / Rating Name % Correct
Rare Gold (81) Balde
100%
Best XI Nominee (90) Balde
100%
NumeroFUT (90) Balde
100%
TOTS Nominee (94) Balde
100%
Non-Rare Gold (76) Fermin
100%
TOTW (86) Fermin
100%
Fantasy (88) Fermin
100%
Rare Gold (80) Ferran Torres
100%
Centurions (86) Ferran Torres
100%
TOTS Nominee (95) Ferran Torres
100%
Rare Gold (83) Gavi
100%
Winter Wildcards (88) Gavi
100%
FUT Birthday (92) Gavi
100%
Shapeshifters (97) Gavi
100%
Rare Gold (81) Lamine Yamal
100%
TOTW (84) Lamine Yamal
100%
Best XI Nominee (94) Lamine Yamal
100%
LaLiga POTM (86) Lamine Yamal
100%
Ballon D'Or (95) Lamine Yamal
100%
Succession (89) Lamine Yamal
100%
Future Stars (94) Lamine Yamal
100%
TOTS (97) Lamine Yamal
100%
Futties (99) Lamine Yamal
100%
Rare Gold (88) Lewandowski
100%
TOWT (89) Lewandowski
100%
Best XI Nominee (93) Lewandowski
100%
Total Rush (90) Lewandowski
100%
LaLiga POTM (90) Lewandowski
100%
UCL Dreamchasers (95) Lewandowski
100%
NumeroFUT (92) Lewandowski
100%
TOTS (95) Lewandowski
100%
Shapeshifters (96) Lewandowski
100%
Futties (98) Lewandowski
100%
Best XI Nominee (91) Pau Cubarsi
100%
LTM (Any Rating) Pau Cubarsi
100%
Future Stars (90) Pau Cubarsi
100%
TOTS (93) Pau Cubarsi
100%
Rare Gold (86) Pedri
100%
TOTW (87) Pedri
100%
Best XI Nominee (89) Pedri
100%
TOTY Nominee (89) Pedri
100%
LaLiga POTM (90) Pedri
100%
TOTS (96) Pedri
100%
Futties (97) Pedri
100%
Rare Gold (84) Raphinha
100%
TOTW (88) Raphinha
100%
TOTW (86) Raphinha
100%
Best XI Nominee (89) Raphinha
100%
Objectives (90) Raphinha
100%
Trailblazers (87) Raphinha
100%
TOTS (97) Raphinha
100%
Futties (99) Raphinha
100%
Rare Gold (85) Araujo
91%
TOTW (87) Araujo
91%
UCL RTTK (87) Araujo
91%
Grassroot (91) Araujo
91%
Shapeshifters (96) Araujo
91%
Rare Gold (85) Kounde
91%
Best XI Nominee (90) Kounde
91%
Thunderstruck (88) Kounde
91%
TOTS (94) Kounde
91%
Futties (97) Kounde
91%
Rare Gold (89) ter Stegen
91%
Rare Gold (83) Christensen
82%
Rare Gold (87) de Jong
82%
Total Rush (88) de Jong
82%
UCL RTTF (93) de Jong
82%
Winter Wildcards (91) de Jong
82%
Winter Wildcards (91) de Jong
82%
Rare Gold (84) Dani Olmo
73%
TOTW (86) Dani Olmo
73%
UCL RTTF (90) Dani Olmo
73%
Flashback (92) Szczesny
64%
Non-Rare Gold (78) Eric Garcia
55%
UCL RTTF (91) Eric Garcia
55%
Rare Gold (81) Inigo Martinez
55%
TOTW (86) Inigo Martinez
55%
Track Stars (87) Inigo Martinez
55%
FUT Birthday (92) Inigo Martinez
55%
TOTS (95) Inigo Martinez
55%
Futties (98) Rashford
55%
Rare Gold (77) Ansu Fati
27%
Showdown (91) Ansu Fati
27%
Rare Silver (74) Inaki Pena
18%
Futties (98) Joan Garcia
18%
Rare Silver (74) Pablo Torre
18%
Icon Throwback (97) Figo
9%
No matching quizzes found
Score Distribution
Percent of People with Each Score
Percentile by Number Answered
Your Score History
You have not taken this quiz